Počítačové simulácie modifikácie modálnych vlastností vybraného obrábacieho nástroja

Uložené v:
Podrobná bibliografia
Hlavný autor: Hudcovský, Martin (Autor)
Ďalší autori: Rolník, Ladislav (Vedúci práce)
Médium: Rukopis Kniha
Jazyk:Slovak
Vydavateľské údaje: 2023
Predmet:
On-line prístup:http://is.stuba.sk/zp/portal_zp.pl?podrobnosti=171162
Tagy: Pridať tag
Žiadne tagy, Buďte prvý, kto otaguje tento záznam!

MARC

LEADER 00000ntm a22000003a 4500
001 stuzp93727
003 SK-STU
005 20230909215901.4
007 ta
008 150427s2015----xo-----f-mn---000-0-slo-d
040 |a STU  |b slo 
041 0 |a slo 
100 1 |a Hudcovský, Martin  |u 063000  |4 aut  |U MTF Materiálovotechnologická fakulta  |T MTF Ústav výrobných technológií  |X 99570  |U M3000  |Y 83  |7 99570 
242 0 1 |a Numerical simulations of modifying the modal properties of the selected machining tool  |y eng 
245 1 0 |a Počítačové simulácie modifikácie modálnych vlastností vybraného obrábacieho nástroja 
260 |c 2023 
650 4 |a modálne vlastnosti  |2 slo 
650 4 |a výstužné jadro  |2 slo 
650 4 |a kmitanie  |2 slo 
650 4 |a štruktúrna modifikácia  |2 slo 
650 4 |a modal properties  |2 eng 
650 4 |a oscillation  |2 eng 
650 4 |a structural modification  |2 eng 
650 4 |a reinforcing core  |2 eng 
700 1 |a Rolník, Ladislav  |u 066000  |k Z1  |4 ths  |U MTF Materiálovotechnologická fakulta  |T MTF Ústav aplikovanej informatiky, automatizácie a mechatroniky  |X 52252  |U M6000  |Y 86  |7 A000052252 
856 4 |u http://is.stuba.sk/zp/portal_zp.pl?podrobnosti=171162 
996 |c M* DP-15131  |l MMSKP  |s P  |a 0  |w stuzp93727_0001